| 000 | 00431nam a22001697a 4500 | ||
|---|---|---|---|
| 005 | 20180720112406.0 | ||
| 008 | 160526b xxu||||| |||| 00| 0 eng d | ||
| 020 | _a81-103-1209-0 | ||
| 041 | _aeng | ||
| 082 |
_b5233 _a658.16 |
||
| 100 |
_aSundarsanam, P.S. _91338 |
||
| 245 | _aThe Essence of Mergers and Acquisitions | ||
| 260 |
_aNew Delhi _bAcademic Faundation |
||
| 300 | _a295p, | ||
| 650 |
_aManagement _9241 |
||
| 942 | _cBK | ||
| 999 |
_c1835 _d1834 |
||